Benedicto XVI descansa entre montañas, también de libros. Pese a ello, sigue pendiente de la actualidad en Londres, Irak, Kenia... (Record no. 744695)

000 -CABECERA
Campo de control de longitud fija 00525nab a2200145Ia 4500
003 - IDENTIFICADOR DEL NÚMERO DE CONTROL
Campo de control ES-SlBCS
005 - FECHA Y HORA DE LA ÚLTIMA TRANSACCIÓN
Campo de control 20220621112058.0
008 - CÓDIGOS DE INFORMACIÓN DE LONGITUD FIJA
Campo de control de longitud fija 140529s2005 xxu||||| |||| 00| 0 spa d
041 ## - CÓDIGO DE LENGUA
Código de lengua del texto/banda sonora o título independiente spa
100 1# - PUNTO DE ACCESO PRINCIPAL-NOMBRE DE PERSONA
Nombre de persona Díez Bosch, Miriam
9 (RLIN) 74105
245 00 - MENCIÓN DE TÍTULO
Título Benedicto XVI descansa entre montañas, también de libros. Pese a ello, sigue pendiente de la actualidad en Londres, Irak, Kenia...
Mención de responsabilidad, etc. Miriam Díez Bosch
600 04 - PUNTO DE ACCESO ADICIONAL DE MATERIA-NOMBRE DE PERSONA
Nombre personal Benedicto XVI-Descanso
9 (RLIN) 325876
773 0# - ENLACE AL DOCUMENTO FUENTE
Título Vida Nueva
Parte(s) relacionada(s) nº. 2481, 2005, págs. 16-17
Número de control del registro relacionado Rev492
942 ## - ENTRADA DE ELEMENTOS AGREGADOS (KOHA)
Koha [por defecto] tipo de item Artículos de revista
Holdings
Suprimido Perdido Estropeado No para préstamo Localización permanente Localización actual Localización en estantería Fecha adquisición Préstamos totales Fecha última consulta Fecha del precio de reemplazo Tipo de item de Koha
        San Esteban San Esteban Depósito de revistas 11/07/2014   11/07/2014 11/07/2014 Artículos de revista

Bibliotecas Dominicos Provincia Hispania, 2016

Con tecnología Koha